study on rice grain loss during harvesting and threshing in cambodia (សិក្សាអំពីការបាត់បង់ទិន្នផលស្រុវនៅពេលច្រូតកាត់និងបោកបែននៅក្នុងប្រទេសកម្ពុជា) (Record no. 4198)
[ view plain ]
| 000 -LEADER | |
|---|---|
| fixed length control field | 00664nam a22001577a 4500 |
| 003 - CONTROL NUMBER IDENTIFIER | |
| control field | OSt |
| 005 - DATE AND TIME OF LATEST TRANSACTION | |
| control field | 20151208093604.0 |
| 008 - FIXED-LENGTH DATA ELEMENTS--GENERAL INFORMATION | |
| fixed length control field | 151208b xxu||||| |||| 00| 0 eng d |
| 040 ## - CATALOGING SOURCE | |
| Transcribing agency | RUA |
| 082 ## - DEWEY DECIMAL CLASSIFICATION NUMBER | |
| Classification number | ATM CHA 2003 B193 Or.1 |
| 100 ## - MAIN ENTRY--PERSONAL NAME | |
| 9 (RLIN) | 4502 |
| Personal name | CHAN, MONIROATH. |
| 245 ## - TITLE STATEMENT | |
| Title | study on rice grain loss during harvesting and threshing in cambodia (សិក្សាអំពីការបាត់បង់ទិន្នផលស្រុវនៅពេលច្រូតកាត់និងបោកបែននៅក្នុងប្រទេសកម្ពុជា) |
| 260 ## - PUBLICATION, DISTRIBUTION, ETC. (IMPRINT) | |
| Place of publication, distribution, etc. | Phnom Penh |
| Name of publisher, distributor, etc. | RUA |
| Date of publication, distribution, etc. | 2003 |
| 300 ## - PHYSICAL DESCRIPTION | |
| Extent | ix, 27p. |
| Other physical details | ill. |
| Dimensions | 29cm. |
| 942 ## - ADDED ENTRY ELEMENTS (KOHA) | |
| Source of classification or shelving scheme | |
| Koha item type | ATM |
| Price effective from | Date last seen | Permanent Location | Not for loan | Date acquired | Source of classification or shelving scheme | Koha item type | Lost status | Withdrawn status | Total Renewals | Date last checked out | Total Checkouts | Shelving location | Damaged status | Barcode | Current Location | Full call number |
|---|---|---|---|---|---|---|---|---|---|---|---|---|---|---|---|---|
| 2015-12-08 | 2016-09-16 | Library Block B | 2015-12-08 | ATM | 2016-08-22 | 1 | B193 | RUA039221 | Library Block B | ATM CHA 2003 B193 Or.1 | ||||||
| 2015-12-08 | 2017-02-07 | Library Block B | 2015-12-08 | ATM | 2017-01-31 | 1 | B193 | RUA039228 | Library Block B | ATM CHA 2003 B193 Or.2 | ||||||
| 2015-12-08 | 2017-01-13 | Library Block B | 2015-12-08 | ATM | 2016-12-27 | 1 | B193 | RUA039174 | Library Block B | ATM CHA 2003 B193 Or.3 | ||||||
| 2015-12-08 | 2015-12-08 | Library Block B | 2015-12-08 | ATM | B193 | RUA039048 | Library Block B | ATM CHA 2003 B193 Or.4 | ||||||||
| 2015-12-08 | 2017-02-03 | Library Block B | 2015-12-08 | ATM | 1 | 2017-01-24 | 3 | B193 | RUA038928 | Library Block B | ATM CHA 2003 B193 Or.5 |